000 00525cam a22001217a 4500
008 180718b1983 xxu||||| |||| 00| 0 eng d
082 _aA81x54 In2/81/15/PT13A&B/MO
100 _aCensus of India 1981
245 _aNagaland district census handbook, Mon: village and town directory, village and town primary census abstract and scheduled tribes primary census abstract
260 _aKohima
_bThe Government of Nagaland
_c1983
300 _a107+p.
440 _aCensus of India 1981. Series-15, Nagaland. Part XIII-A & Part XIII-B
999 _c483138
_d483138